Využitie konceptu bankopoistenia pri poskytovaní úverov diplomová práca

Na minha lista:
Detalhes bibliográficos
Autor principal: Čambálová, Adriána
Autor Corporativo: Národohospodárska fakulta EU. Katedra bankovníctva a medzinárodných financií
Outros Autores: Klimiková, Mária
Formato: Livro
Idioma:eslovaco
Publicado em: Bratislava 2015
Tags: Adicionar Tag
Sem tags, seja o primeiro a adicionar uma tag!

MARC

LEADER 00000nbm a2200000 4500
001 0207981
005 20170306143559.9
041 0 |a slo 
044 |a SK 
245 1 0 |a Využitie konceptu bankopoistenia pri poskytovaní úverov  |b diplomová práca  |c Adriána Čambálová ; školiteľ: Mária Klimiková 
264 1 |a Bratislava  |c 2015 
100 1 |a Čambálová, Adriána 
700 1 |a Klimiková, Mária 
710 2 |a Národohospodárska fakulta EU. Katedra bankovníctva a medzinárodných financií